| 000 | 00382cam a2200145ua 4500 | ||
|---|---|---|---|
| 041 |
_aeng _h |
||
| 082 |
_a363.96 _bDES/PO |
||
| 100 | _aDesai, M P . | ||
| 245 |
_aPopulation control : A modern shibboleth / _cM P Desai. _hTextual Documents |
||
| 260 |
_aAhmadabad : _bNavajivan publishing house , _c1959. |
||
| 300 | _a53 ; . | ||
| 504 | _a | ||
| 942 | _cBK | ||
| 999 |
_c10077 _d10077 |
||